<?xml version="1.0" encoding="UTF-8"?><collection xmlns="info:lc/xmlns/marcxchange-v2"><record format="Unimarc" type="bibliographic"><leader>00855nam  2200253   450 </leader><controlfield tag="001">2408491</controlfield><controlfield tag="003">http://id.bnportugal.gov.pt/bib/porbase/2408491</controlfield><controlfield tag="005">20080626134457.0</controlfield><datafield ind1=" " ind2=" " tag="010"><subfield code="a">978-0-19-515957-8</subfield><subfield code="d">compra</subfield></datafield><datafield ind1=" " ind2=" " tag="021"><subfield code="a">US</subfield></datafield><datafield ind1=" " ind2=" " tag="035"><subfield code="a">ufpes002_bc.iso/03-11-2011/28184</subfield></datafield><datafield ind1=" " ind2=" " tag="035"><subfield code="a">0028641</subfield></datafield><datafield ind1=" " ind2=" " tag="100"><subfield code="a">20080505d2006    m  y0pory0103    ba</subfield></datafield><datafield ind1="0" ind2=" " tag="101"><subfield code="a">eng</subfield></datafield><datafield ind1=" " ind2=" " tag="102"><subfield code="a">US</subfield></datafield><datafield ind1="1" ind2=" " tag="200"><subfield code="a">&lt;A &gt;Compendium of Neuropsychological Tests</subfield><subfield code="e">administration, norms, and commentary</subfield><subfield code="f">Esther Strauss, Elisabeth M. S. Sherman, Otfried Spreen</subfield></datafield><datafield ind1=" " ind2=" " tag="205"><subfield code="a">3rd ed</subfield></datafield><datafield ind1=" " ind2=" " tag="210"><subfield code="a">New York</subfield><subfield code="c">Oxford University Press</subfield><subfield code="d">2006</subfield></datafield><datafield ind1=" " ind2=" " tag="215"><subfield code="a">1216 p.</subfield><subfield code="d">29 cm</subfield></datafield><datafield ind1=" " ind2=" " tag="675"><subfield code="a">616.8</subfield><subfield code="v">BN</subfield><subfield code="z">por</subfield></datafield><datafield ind1=" " ind2="1" tag="700"><subfield code="a">Strauss</subfield><subfield code="b">Esther</subfield></datafield><datafield ind1=" " ind2="1" tag="701"><subfield code="a">Sherman</subfield><subfield code="b">Elisabeth M. S.</subfield><subfield code="4">070</subfield></datafield><datafield ind1=" " ind2="1" tag="701"><subfield code="a">Spreen</subfield><subfield code="b">Otfried</subfield><subfield code="4">070</subfield></datafield><datafield ind1=" " ind2="0" tag="801"><subfield code="a">PT</subfield><subfield code="b">UFPES</subfield><subfield code="g">RPC</subfield></datafield></record></collection>